| 000 | 00352nam a2200133Ia 4500 | ||
|---|---|---|---|
| 005 | 20251223000717.0 | ||
| 008 | 251222s9999||||xx |||||||||||||| ||spa|| | ||
| 082 | _a301/V66 | ||
| 100 | _aVilllarán Rodrigo, Carmen Rosa | ||
| 245 | 0 | _aAntropología Educativa | |
| 250 | _a1ra.ed. | ||
| 264 | _bConsorcio de Centros Educativos Católicos | ||
| 942 | _cLIB | ||
| 999 |
_c41509 _d41509 |
||